One life /

সংরক্ষণ করুন:
গ্রন্থ-পঞ্জীর বিবরন
প্রধান লেখক: Rapinoe, Megan (লেখক), Brockes, Emma (লেখক)
অন্যান্য লেখক: Vallacqua, Giulia (অনুবাদক)
বিন্যাস: গ্রন্থ
ভাষা:ইতালিয়
প্রকাশিত: Milano : Garzanti , 2021
মালা:Saggi
বিষয়গুলি:
ট্যাগগুলো: ট্যাগ যুক্ত করুন
কোনো ট্যাগ নেই, প্রথমজন হিসাবে ট্যাগ করুন!

MARC

LEADER 00000nam a22000007i 4500
001 IT\ICCU\MOD\1723354
003 ItRI
005 20260115232047.0
008 210525s2021 it |||||| |||||0|||||c
020 |a 9788811819080 
040 |b ita  |c importazione bologna sebina 
041 7 |a ita  |2 ISO-639-2 
082 |a 796.334092  |9 CALCIO. Persone  |2 21 
100 1 |a Rapinoe, Megan  |0 IT\ICCU\MODV\673948  |4 aut 
240 1 0 |a One life  |3 IT\ICCU\MOD\1723356  |9 Rapinoe, Megan 
245 1 0 |a One life /  |c Megan Rapinoe ; con Emma Brockes ; traduzione di Giulia Vallacqua. 
260 |a Milano :  |b Garzanti ,  |c 2021 
300 |a 220 p., [8] carte di tav. :  |b ill. ;  |c 22 cm 
650 7 |a Rapinoe, Megan  |x Autobiografie  |2 nsbncf 
700 1 |a Brockes, Emma  |0 IT\ICCU\BCTV\005398  |4 aut 
700 1 |a Vallacqua, Giulia  |0 IT\ICCU\UBOV\018912  |4 trl 
830 0 |a Saggi  |0 IT\ICCU\RAV\0025970 
942 |2 ddc  |c BK  |n 0 
952 |0 0  |1 0  |4 0  |6 L_796_334000000000000_RAP  |7 0  |9 19349  |a BO  |b BO  |d 2026-01-15  |i 19468  |l 0  |o L 796.334 RAP  |p BO19468  |r 2026-01-15 23:20:47  |w 2026-01-15  |x [Sebina 5] [1 v.]  |y BK  |z 1 v. 
999 |c 16477  |d 16477